00334 a2200121 450000100060000010000130000624500220001926000280004109000170006994200230008699900190010995200840012845952 aSnead S aSAM Snead on Golf aLondonbNicholas Kayec c29069d29069 aNUST-CAEcMc21190 c281025d281025 001040708NFICaCAEbCAEd2017-04-03l0pCAE38207r2017-04-05w2017-04-05yBK